000 00380nam a2200109Ia 4500
008 160909s9999 xx 000 0 und d
100 _aBogner, Matthew Preston
245 _aNursing staff members' reactions to household model implementation
260 _bCentral Michigan University
_c2016
650 _aNursing
856 _uhttp://pqdtopen.proquest.com/doc/1810157339.html?FMT=ABS
999 _c303872
_d303872